00867 2200313 4500001002100000005001500021007000300036008004100039020001800080035002000098040001700118041000800135082001400143084002000157090002600177100003100203245006900234250001200303264003000315300004100345336002100386337003000407338002300437500002300460504002500483650001300508850001000521990002200531INLIS00000000000816620260526022009ta260526 0  a979-9414-58-x a0010-0922000655 aSBPUPADbind07aind a700.598 2 a700.598 2 ROS k a700.598 2 ROS k L22-60 aRosida IrmawatiePengarang1 aBerkenalan Dengan Kesenian Tradisional Madura /cRosida Irmawati a.-cet.1 a.--Surabaya :bSIC,c2004 aiii,144 hlm :bilus. ;c14,5 x 21 cm 2rdacontentateks 2rdamediaatanpa perantara 2rdacarrieravolume aIndeks,hlm 141-143 aBibliografi, hlm 144 4aKesenian aPUPAD a25.973/H/DPK/2018